00377nam a2200133Ia 450000500170000000800410001702000150005808200130007310000190008624500770010526000370018230000110021965000130023020240607002439.0240331s9999 xx 000 0 und d a9558309001 bSENa362 aSeneviratne, M 4aThe sexual exploitation of children :bSome expert analyses in Sri Lanka aMount Lavinia bP.E.A.C.E.c1999 a79 p., aChildren